[Event "Remote email"]
[Site "Remote email"]
[Date "2014.02.09"]
[Round "?"]
[White "Grunewald, Detlef"]
[Black "Daniel, Achim"]
[Result "0-1"]
[WhiteElo "2000"]
[BlackElo "1898"]
[PlyCount "82"]
[EventDate "2014.??.??"]
[EventType "tourn (corr)"]
[EventRounds "6"]
[EventCountry "GER"]
[SourceTitle "Corr 2015"]
[Source "ChessBase"]
[SourceDate "2015.07.17"]
[SourceVersion "1"]
[SourceVersionDate "2015.07.17"]
[SourceQuality "1"]

1. e4 c5 2. Bc4 Nc6 3. Nf3 e6 4. e5 d6 5. Bb5 Qc7 6. d4 d5 7. c4 Bd7 8. a4 a6 9. Bxc6 Bxc6 10. Nbd2 cxd4 11. 0-0 Bc5 12. Nb3 Bb4 13. a5 dxc4 14. Nbxd4 Bxf3 15. Nxf3 Bxa5 16. Qa4+ b5 17. Qxa5 Qxa5 18. Rxa5 Ne7 19. Nd4 0-0 20. Bg5 Nd5 21. Nc6 Rfc8 22. Ne7+ Nxe7 23. Bxe7 c3 24. bxc3 Rxc3 25. Ra2 h6 26. Rd2 Rac8 27. Rd8+ Kh7 28. Rxc8 Rxc8 29. g3 a5 30. Rd1 Rc2 31. Ra1 b4 32. Rxa5 b3 33. Ba3 b2 34. Bxb2 Rxb2 35. f4 g6 36. Kf1 Rxh2 37. Kg1 Rb2 38. Ra7 Kg7 39. Kf1 h5 40. Kg1 h4 41. gxh4 Rb4 0-1

[Event "Remote email"]
[Site "Remote email"]
[Date "2014.02.06"]
[Round "?"]
[White "Grunewald, Detlef"]
[Black "Talbot, Olivier"]
[Result "1-0"]
[WhiteElo "2000"]
[BlackElo "1757"]
[PlyCount "73"]
[EventDate "2014.??.??"]
[EventType "tourn (corr)"]
[EventRounds "6"]
[EventCountry "GER"]
[SourceTitle "Corr 2015"]
[Source "ChessBase"]
[SourceDate "2015.07.17"]
[SourceVersion "1"]
[SourceVersionDate "2015.07.17"]
[SourceQuality "1"]

1. e4 c5 2. Nc3 Nc6 3. b3 d6 4. Nf3 Nf6 5. Bb5 Bd7 6. Bxc6 Bxc6 7. d3 g6 8. Bb2 Bg7 9. a4 0-0 10. 0-0 Re8 11. Re1 e5 12. h3 a6 13. Ne2 Nh5 14. Ng3 Nf4 15. Bc1 Qf6 16. c3 a5 17. Be3 b6 18. d4 cxd4 19. cxd4 Bxe4 20. Nxe4 Qd8 21. Bxf4 exf4 22. Rc1 d5 23. Nc3 Rxe1+ 24. Qxe1 h6 25. Ne5 Bxe5 26. Qxe5 Rc8 27. Qxf4 h5 28. h4 Rc6 29. Qg5 Qxg5 30. hxg5 Kg7 31. Ne2 Re6 32. Nf4 Rd6 33. Rc7 Kf8 34. g3 Ke8 35. Nd3 f6 36. gxf6 Rxf6 37. Ne5 1-0